000 00558cam a2200217 4500
001 B1028
008 090401t1985 xxu||||| |||| 00| 0 eng d
035 _a(Sirsi) u42272
041 _aeng
050 _a333.337094212
110 _aBaker Harris Saunders
245 _aCity development review. - March 1985
260 _aLondon
_bBaker Harris Saunders
_c1985
300 _a(8)p. : ill, ; 30cm.
350 _a62.5
520 _aMap in pocket inside back cover.
650 _aCITY OF LONDON
650 _aOFFICES
942 _n0
948 _c04/03/1997
999 _c91056
_d91056